[Event "Istanbul Open 2019"]
[Site "Istanbul"]
[Date "2019.08.31"]
[Round "7.2"]
[White "Yaran, Siar"]
[Black "Ozsakallioglu, Okan"]
[Result "1-0"]
[WhiteElo "2209"]
[BlackElo "2324"]
[Annotator "NA"]
[PlyCount "87"]
[EventDate "2019.08.26"]
[EventType "swiss"]
[EventCountry "TUR"]
[SourceTitle "playchess.com"]
[Source "ChessBase"]
[SourceQuality "1"]
[TimeControl "5400+30"]

1. d4 {[%emt 0:03:30]} Nf6 {[%emt 0:01:30]} 2. Nc3 {[%emt 0:00:00]} d5 {[%emt 0:00:30]} 3. Bf4 {[%emt 0:01:00]} g6 {[%emt 0:05:30]} 4. e3 {[%emt 0:00:30]} a6 {[%emt 0:04:30]} 5. Nf3 {[%emt 0:05:30]} Bg7 {[%emt 0:00:00]} 6. Bd3 {[%emt 0:04:30] D00: 1 d4 d5: Unusual lines} (6. Be2 O-O 7. h4 c5 8. dxc5 Nbd7 9. Nd2 Nxc5 10. h5 Nfe4 11. Ndxe4 Nxe4 12. Nxd5 Bxb2 13. hxg6 fxg6 14. Bc4 e6 {1-0 (102) Romanov,E (2619)-Torosyan,N (2371) Batumi 2018}) 6... c5 {[%emt 0:01:00]} 7. dxc5 {[%emt 0:05:30]} Nbd7 $146 {[%emt 0:02:30]} ({Predecessor:} 7... Qa5 8. O-O O-O 9. Be5 Qxc5 10. Bd4 Qd6 11. Be5 Qc5 12. Bd4 {½-½ (12) Huszar,G (1927)-Toth,T (1942) Hungary 2012}) 8. b4 {[%emt 0:15:30]} (8. Na4 $11 {keeps the balance.}) 8... e5 $1 {[%emt 0:01:30]} 9. Nxe5 {[%emt 0:31:30]} Nh5 {[%emt 0:00:30]} 10. g4 {[%emt 0:00:30]} Nxe5 {[%emt 0:00:30]} 11. gxh5 {[%emt 0:00:30]} Bg4 {[%emt 0:02:30]} 12. Bxe5 {[%emt 0:00:00]} Bxd1 {[%emt 0:01:30]} 13. Bxg7 {[%emt 0:00:00]} Rg8 {[%emt 0:00:30]} 14. h6 {[%emt 0:09:25]} Bf3 {[%emt 0:00:30]} 15. Rg1 {[%emt 0:00:30]} Qh4 {[%emt 0:00:00]} 16. Rg3 {[%emt 0:02:10]} Qh5 {[%emt 0:03:00]} ({But not} 16... Qxb4 $6 17. Rb1 $14) 17. Bf6 {[%emt 0:04:00]} Kd7 {[%emt 0:01:30]} ({Not} 17... Qxh2 18. Rxf3 Qh1+ {[%mdl 64] Double Attack} 19. Ke2 $18) 18. Rg5 {[%emt 0:06:01]} (18. Ne2 $11 {remains equal.} Bxe2 19. Bxe2 Qxh2 20. Bg4+ Kc6 21. c4 dxc4 22. Bf3+ Kc7 23. Be5+ Kc8 24. Bg4+ Kd8 25. Rd1+ Ke8 26. Bf3) 18... Qxh2 {[%emt 0:02:30]} 19. Nxd5 {[%emt 0:00:18]} (19. Be2 $1 $11 {was the only way to keep the balance.} Qh1+ 20. Kd2 Qxa1 21. Bxf3) 19... Qxh6 {[%emt 0:08:30]} (19... Rae8 $17 20. Be2 Bxd5 21. Rxd5+ Kc8) 20. Kd2 {[%emt 0:02:58]} ({White should play} 20. Be2 $15 Bxe2 21. Kxe2) 20... Rge8 {[%emt 0:00:30]} 21. Rag1 {[%emt 0:00:48]} Qh2 {[%emt 0:00:30]} 22. Kc3 {[%emt 0:01:33]} (22. Nb6+ $17 {only move.} Ke6 23. Bd4) 22... Bxd5 $15 {[%emt 0:02:30]} (22... Ke6 $2 {[%emt 0:02:30]}) ({Don't blunder} 22... Qxf2 $2 23. Rf1 $18) (22... Re6 $19 23. Nb6+ Ke8) 23. Rxd5+ {[%emt 0:00:30]} Ke6 {[%emt 0:00:30]} 24. Rh1 {[%emt 0:00:30]} Qc7 {[%emt 0:00:30]} 25. Be5 {[%emt 0:00:30]} Qxe5+ {[%emt 0:00:30]} 26. Rxe5+ {[%emt 0:00:30]} Kxe5 {[%emt 0:00:30]} 27. Rxh7 {[%emt 0:00:30]} Kf6 {[%emt 0:00:30]} 28. Rh4 {[%emt 0:00:30]} Rac8 {[%emt 0:01:30]} 29. Rf4+ {[%emt 0:00:27]} Kg7 {[%emt 0:00:00]} 30. Kb3 {[%emt 0:00:40]} Rc7 {[%emt 0:01:00]} 31. Rd4 {[%emt 0:00:07]} Rh8 {[%emt 0:00:00]} 32. Ka4 {[%emt 0:00:56]} Rh2 {[%emt 0:01:00]} 33. Rf4 {[%emt 0:00:21]} Re7 {[%emt 0:02:30]} 34. Ka5 {[%emt 0:01:38]} Rh6 {[%emt 0:00:30]} 35. a4 {[%emt 0:00:31]} Kf8 {[%emt 0:01:30]} 36. Rf6 {[%emt 0:00:30]} Ke8 {[%emt 0:00:30]} 37. Kb6 {[%emt 0:00:24]} Kd8 {[%emt 0:00:30]} 38. Rd6+ {[%emt 0:00:30]} Kc8 {[%emt 0:00:00]} 39. Bf5+ {[%emt 0:00:00]} gxf5 {[%emt 0:01:00]} 40. Rxh6 {[%emt 0:00:13]} Re8 {[%emt 0:00:00]} 41. Rf6 {[%emt 0:00:00]} Re4 {[%emt 0:00:00]} 42. c3 {[%emt 0:00:26]} Kb8 {[%emt 0:00:30]} 43. c6 {[%emt 0:02:45]} Re7 {[%emt 0:00:30]} 44. Rh6 {[%emt 0:01:41]} 1-0

[Event "Istanbul Open 2019"]
[Site "Istanbul"]
[Date "2019.08.31"]
[Round "7.3"]
[White "Erdogan, Anil Berk"]
[Black "Nuri, Murad"]
[Result "1/2-1/2"]
[WhiteElo "2144"]
[BlackElo "2291"]
[Annotator "NA"]
[PlyCount "30"]
[EventDate "2019.08.26"]
[EventType "swiss"]
[EventCountry "TUR"]
[SourceTitle "playchess.com"]
[Source "ChessBase"]
[SourceQuality "1"]
[TimeControl "5400+30"]

1. e4 {[%emt 0:08:30]} c5 {[%emt 0:00:30]} 2. Nf3 {[%emt 0:00:30]} d6 {[%emt 0:00:30]} 3. d4 {[%emt 0:00:30]} cxd4 {[%emt 0:00:00]} 4. Nxd4 {[%emt 0:00:30]} Nf6 {[%emt 0:00:00]} 5. Nc3 {[%emt 0:00:30]} g6 {[%emt 0:00:30]} 6. g3 {[%emt 0:00:30]} Bg4 {[%emt 0:02:30]} 7. Qd3 {[%emt 0:12:30]} Bg7 {[%emt 0:05:30]} 8. Bg2 {[%emt 0:06:30]} Qc8 {[%emt 0:01:30]} 9. Bg5 {[%emt 0:09:30]} (9. h3 $5 {[%cal Rh3g4]} Bd7 10. f4 $11) 9... Nc6 {[%emt 0:18:30]} 10. Nxc6 {[%emt 0:13:30]} bxc6 {[%emt 0:01:30]} 11. e5 {[%emt 0:04:30]} dxe5 {[%emt 0:01:30]} 12. Qc4 {[%emt 0:00:30]} O-O {[%emt 0:00:00]} 13. Qxc6 {[%emt 0:06:30]} Qb8 {[%emt 0:14:00]} 14. O-O $11 {[%emt 0:13:18]} Qxb2 {[%emt 0:03:30]} 15. Rab1 {[%emt 0:06:15]} Qxc2 {[%emt 0:19:30]} 1/2-1/2

[Event "Istanbul Open 2019"]
[Site "Istanbul"]
[Date "2019.08.31"]
[Round "7.4"]
[White "Arat, Ufuk Sezen"]
[Black "Ozsakkiloglu, Akin"]
[Result "1-0"]
[WhiteElo "2390"]
[BlackElo "2067"]
[Annotator "TA"]
[PlyCount "69"]
[EventDate "2019.08.26"]
[EventType "swiss"]
[EventCountry "TUR"]
[SourceTitle "playchess.com"]
[Source "ChessBase"]
[SourceQuality "1"]

{[%evp 22,69,45,30,33,30,32,16,41,45,92,70,94,82,76,79,120,64,115,117,115,113,218,219,229,229,256,227,238,231,224,222,232,229,321,312,305,346,658,616,654,642,614,383,537,550,631,624,637,621]} 1. d4 Nf6 2. c4 g6 3. g3 Bg7 4. Bg2 O-O 5. Nc3 d6 6. Nf3 c6 7. O-O Qa5 8. e4 e5 9. h3 Nbd7 10. Re1 exd4 11. Nxd4 Ne5 12. Bf1 $1 Qb6 {E69: King's Indian: Fianchetto: 6...Nbd7 7 0-0 e5 8 e4 c6 9 h3} 13. Be3 c5 14. Nc2 (14. Nb3 Be6 15. Nd5 Bxd5 16. exd5 Rae8 17. Kg2 Re7 18. Qc2 Rfe8 19. Bd2 Qd8 20. a4 {0-1 (38) Howell,D (2676)-McShane,L (2640) London 2017}) 14... Be6 {The position is equal.} 15. b3 Rfd8 $146 ({Predecessor:} 15... Nfd7 16. Nd5 Bxd5 17. cxd5 Nf6 18. f4 Ned7 19. Bf2 Rfe8 20. Qf3 {½-½ (33) Alshameary Puente,I (2352)-Oratovsky,M (2474) Maia 2018}) 16. Bg2 a6 17. Rb1 Qa5 18. Bd2 Qc7 19. a4 ({White should try} 19. f4 $16 Nc6 20. g4) 19... Rab8 (19... Re8 $14) 20. f4 Nc6 21. g4 Ne7 (21... Re8 $16 {was worth a try.}) 22. f5 $18 Bd7 23. g5 Ne8 24. f6 Nxf6 25. gxf6 Bxf6 26. Rf1 Be5 27. Ne3 Bc6 (27... Be6 $142 28. Ng4 Bxg4 29. Qxg4 Qd7) 28. Ng4 {[#] And now Nh6+ would win.} Bd4+ 29. Kh1 Be8 $2 (29... Rf8 30. Nf6+ Kh8) 30. Nf6+ Bxf6 31. Rxf6 b5 32. Rf1 bxc4 (32... b4 $142 33. Nd5 Nxd5) 33. bxc4 {White is clearly winning.} Rxb1 34. Qxb1 Rb8 35. Qa1 {Accuracy: White = 81%, Black = 28%.} 1-0

[Event "Istanbul Open 2019"]
[Site "Istanbul"]
[Date "2019.08.31"]
[Round "7.5"]
[White "Darban, Morteza"]
[Black "Mohannad, Farhan"]
[Result "1-0"]
[WhiteElo "2280"]
[BlackElo "2151"]
[Annotator "ChessBase"]
[PlyCount "103"]
[EventDate "2019.08.26"]
[EventType "swiss"]
[EventCountry "TUR"]
[SourceTitle "playchess.com"]
[Source "ChessBase"]
[SourceQuality "1"]
[TimeControl "5400+30"]

1. c4 {[%emt 0:00:30]} g6 {[%emt 0:04:30]} 2. Nc3 {[%emt 0:00:30]} Bg7 {[%emt 0:00:30]} 3. g3 {[%emt 0:00:30]} e5 {[%emt 0:02:30]} 4. Bg2 {[%emt 0:00:30]} Ne7 {[%emt 0:00:30]} 5. Nf3 {[%emt 0:10:30]} d6 {[%emt 0:00:00]} 6. d4 {[%emt 0:11:30]} Nd7 {[%emt 0:00:00]} 7. O-O {[%emt 0:01:30]} O-O {[%emt 0:00:30]} 8. Qd2 {[%emt 0:00:30]} Nb6 {[%emt 0:09:30]} 9. b3 {[%emt 0:09:30]} Bg4 {[%emt 0:10:30]} 10. Bb2 {[%emt 0:08:30]} Qc8 {[%emt 0:04:30]} 11. Rfd1 {[%emt 0:06:30]} Rd8 {[%emt 0:14:30]} 12. d5 {[%emt 0:14:30]} Bh3 {[%emt 0:06:30]} 13. Bh1 {[%emt 0:00:30]} h6 {[%emt 0:00:30]} 14. e3 {[%emt 0:08:30]} a5 {[%emt 0:02:30]} 15. Nb5 {[%emt 0:01:30]} Nd7 {[%emt 0:00:30]} 16. Bc3 {[%emt 0:03:18]} b6 {[%emt 0:00:30]} 17. Ne1 {[%emt 0:00:15]} g5 {[%emt 0:14:30]} 18. Nd3 {[%emt 0:02:25]} Bf5 {[%emt 0:00:00]} 19. e4 {[%emt 0:06:45]} Bg6 {[%emt 0:00:00]} 20. f3 {[%emt 0:00:29]} f5 {[%emt 0:00:30]} 21. Re1 {[%emt 0:01:00]} Rf8 {[%emt 0:03:30]} 22. Bg2 {[%emt 0:00:19]} g4 {[%emt 0:00:30]} 23. f4 {[%emt 0:05:22]} fxe4 {[%emt 0:04:30]} 24. Bxe4 {[%emt 0:04:12]} Bxe4 {[%emt 0:04:19]} 25. Rxe4 {[%emt 0:00:30]} Ng6 {[%emt 0:00:30]} 26. Rf1 {[%emt 0:00:30]} Nc5 {[%emt 0:01:33]} 27. Ree1 {[%emt 0:00:01]} exf4 {[%emt 0:03:19]} 28. Bxg7 {[%emt 0:01:02]} Kxg7 {[%emt 0:00:05]} 29. Nxf4 {[%emt 0:00:24]} Ne5 {[%emt 0:01:45]} 30. Nd4 {[%emt 0:00:21]} Kh7 {[%emt 0:01:25]} 31. Qc2+ {[%emt 0:01:08]} Kg8 {[%emt 0:00:05]} 32. Rxe5 {[%emt 0:01:42]} dxe5 {[%emt 0:00:06]} 33. Qg6+ {[%emt 0:00:30]} Kh8 {[%emt 0:00:30]} 34. Qxh6+ {[%emt 0:00:30]} Kg8 {[%emt 0:00:00]} 35. Qg5+ {[%emt 0:00:04]} Kh7 {[%emt 0:00:03]} 36. Nde6 {[%emt 0:01:02]} Nxe6 {[%emt 0:00:59]} 37. Nxe6 {[%emt 0:00:30]} Rxf1+ {[%emt 0:00:30]} 38. Kxf1 {[%emt 0:00:00]} Qd7 {[%emt 0:00:45]} 39. Qh5+ {[%emt 0:00:07]} Kg8 {[%emt 0:00:05]} 40. Qxg4+ {[%emt 0:00:33]} Kh8 {[%emt 0:00:06]} 41. Qh5+ {[%emt 0:00:32]} Kg8 {[%emt 0:00:04]} 42. Qg5+ {[%emt 0:00:24]} Kh7 {[%emt 0:00:47]} 43. Qxe5 {[%emt 0:00:14]} Rc8 {[%emt 0:00:05]} 44. h4 {[%emt 0:01:30]} Qf7+ {[%emt 0:00:42]} 45. Kg2 {[%emt 0:00:10]} Qg6 {[%emt 0:00:00]} 46. Kh3 {[%emt 0:00:54]} Kg8 {[%emt 0:00:24]} 47. Nxc7 {[%emt 0:00:43]} Qf7 {[%emt 0:00:33]} 48. Ne6 {[%emt 0:01:00]} Qf1+ {[%emt 0:00:30]} 49. Kg4 {[%emt 0:00:30]} Qd1+ {[%emt 0:00:00]} 50. Kg5 {[%emt 0:00:00]} Qd2+ {[%emt 0:00:03]} 51. Kh5 {[%emt 0:00:20]} Qd1+ {[%emt 0:01:06]} 52. g4 {[%emt 0:00:04]} 1-0

[Event "Istanbul Open 2019"]
[Site "Istanbul"]
[Date "2019.08.31"]
[Round "7.6"]
[White "Ozbay, Ece"]
[Black "Yarashov, Azat"]
[Result "0-1"]
[WhiteElo "2125"]
[BlackElo "2156"]
[Annotator "ChessBase"]
[PlyCount "114"]
[EventDate "2019.08.26"]
[EventType "swiss"]
[EventCountry "TUR"]
[SourceTitle "playchess.com"]
[Source "ChessBase"]
[SourceQuality "1"]
[TimeControl "5400+30"]

1. e4 {[%emt 0:08:30]} d5 {[%emt 0:00:30]} 2. exd5 {[%emt 0:02:30]} Nf6 {[%emt 0:00:00]} 3. d4 {[%emt 0:01:30]} Nxd5 {[%emt 0:01:00]} 4. Nf3 {[%emt 0:00:30]} g6 {[%emt 0:00:00]} 5. Be2 {[%emt 0:02:30]} Bg7 {[%emt 0:00:00]} 6. O-O {[%emt 0:02:30]} O-O {[%emt 0:00:00]} 7. c4 {[%emt 0:00:30]} Nb6 {[%emt 0:00:00]} 8. h3 {[%emt 0:01:30]} Bf5 {[%emt 0:01:30]} 9. Nc3 {[%emt 0:00:30]} Nc6 {[%emt 0:02:30]} 10. Be3 {[%emt 0:01:30]} e5 {[%emt 0:03:30]} 11. d5 {[%emt 0:07:30]} Ne7 {[%emt 0:05:30]} 12. Qb3 {[%emt 0:00:30]} Bc8 {[%emt 0:00:00]} 13. Rfd1 {[%emt 0:05:30]} Nd7 {[%emt 0:05:00]} 14. c5 {[%emt 0:11:30]} c6 {[%emt 0:03:30]} 15. dxc6 {[%emt 0:23:30]} bxc6 {[%emt 0:04:30]} 16. Bc4 {[%emt 0:01:30]} Nf5 {[%emt 0:04:30]} 17. Ne4 {[%emt 0:03:30]} Nxe3 {[%emt 0:04:30]} 18. Qxe3 {[%emt 0:00:00]} Qe7 {[%emt 0:05:30]} 19. Nd6 {[%emt 0:03:00]} h6 {[%emt 0:14:30]} 20. Rd2 {[%emt 0:00:30]} a5 {[%emt 0:15:30]} 21. Rad1 {[%emt 0:02:14]} Nf6 {[%emt 0:09:15]} 22. Nxe5 {[%emt 0:10:42]} Nd5 {[%emt 0:00:56]} 23. Nxc6 {[%emt 0:07:23]} Qxe3 {[%emt 0:00:39]} 24. fxe3 {[%emt 0:00:30]} Nxe3 {[%emt 0:00:30]} 25. Ne7+ {[%emt 0:00:00]} Kh7 {[%emt 0:00:00]} 26. Bxf7 {[%emt 0:00:24]} Rxf7 {[%emt 0:01:13]} 27. Nxf7 {[%emt 0:00:23]} Nxd1 {[%emt 0:00:45]} 28. Rxd1 {[%emt 0:00:25]} Bf8 {[%emt 0:00:47]} 29. Nxc8 {[%emt 0:02:58]} Bxc5+ {[%emt 0:00:02]} 30. Kh1 {[%emt 0:00:35]} Rxc8 {[%emt 0:00:01]} 31. Rd7 {[%emt 0:00:08]} Rb8 {[%emt 0:00:52]} 32. b3 {[%emt 0:00:43]} Kg7 {[%emt 0:00:30]} 33. Ne5+ {[%emt 0:00:24]} Kf6 {[%emt 0:01:44]} 34. Nc6 {[%emt 0:00:01]} Rc8 {[%emt 0:00:36]} 35. Nxa5 {[%emt 0:01:00]} Ra8 {[%emt 0:00:53]} 36. Nb7 {[%emt 0:00:30]} Ba3 {[%emt 0:00:00]} 37. Rc7 {[%emt 0:00:26]} Re8 {[%emt 0:00:00]} 38. Rc6+ {[%emt 0:00:29]} Kg5 {[%emt 0:00:00]} 39. Rc2 {[%emt 0:00:31]} h5 {[%emt 0:00:25]} 40. g3 {[%emt 0:00:47]} h4 {[%emt 0:00:30]} 41. Kg2 {[%emt 0:00:30]} Re3 {[%emt 0:00:30]} 42. gxh4+ {[%emt 0:00:08]} Kxh4 {[%emt 0:00:22]} 43. Rc4+ {[%emt 0:01:09]} Kg5 {[%emt 0:00:01]} 44. Rc2 {[%emt 0:00:06]} Kh4 {[%emt 0:00:30]} 45. Rc4+ {[%emt 0:00:30]} Kg5 {[%emt 0:00:00]} 46. Ra4 {[%emt 0:00:13]} Be7 {[%emt 0:00:25]} 47. b4 {[%emt 0:00:42]} Re4 {[%emt 0:00:30]} 48. a3 {[%emt 0:00:48]} Kf4 {[%emt 0:00:05]} 49. Ra6 {[%emt 0:00:17]} Re2+ {[%emt 0:02:08]} 50. Kf1 {[%emt 0:00:30]} Kf3 {[%emt 0:00:00]} 51. Rc6 {[%emt 0:00:19]} Re3 {[%emt 0:00:22]} 52. Rc2 {[%emt 0:00:41]} Bh4 {[%emt 0:00:26]} 53. Rc1 {[%emt 0:00:24]} Rxa3 {[%emt 0:02:24]} 54. Nc5 {[%emt 0:00:30]} Bg5 {[%emt 0:00:00]} 55. Rb1 {[%emt 0:00:38]} Be3 {[%emt 0:00:17]} 56. Nb3 {[%emt 0:00:58]} Ra2 {[%emt 0:00:07]} 57. Nc1 {[%emt 0:00:31]} Rg2 {[%emt 0:00:08]} 0-1

[Event "Istanbul Open 2019"]
[Site "Istanbul"]
[Date "2019.08.31"]
[Round "7.7"]
[White "Mammadov, Sadig"]
[Black "Abishli, Oghuz"]
[Result "1-0"]
[WhiteElo "2243"]
[BlackElo "2038"]
[Annotator "ChessBase"]
[PlyCount "112"]
[EventDate "2019.08.26"]
[EventType "swiss"]
[EventCountry "TUR"]
[SourceTitle "playchess.com"]
[Source "ChessBase"]
[SourceQuality "1"]
[TimeControl "5400+30"]

1. e4 {[%emt 0:00:30]} c5 {[%emt 0:00:30]} 2. Nf3 {[%emt 0:00:00]} g6 {[%emt 0:00:00]} 3. d4 {[%emt 0:00:00]} cxd4 {[%emt 0:00:00]} 4. Nxd4 {[%emt 0:00:30]} Nc6 {[%emt 0:00:30]} 5. c4 {[%emt 0:00:00]} Nf6 {[%emt 0:00:30]} 6. Nc3 {[%emt 0:00:00]} d6 {[%emt 0:00:00]} 7. Be2 {[%emt 0:00:30]} Nxd4 {[%emt 0:01:00]} 8. Qxd4 {[%emt 0:00:00]} Bg7 {[%emt 0:00:00]} 9. Be3 {[%emt 0:01:00]} O-O {[%emt 0:00:00]} 10. Qd2 {[%emt 0:00:30]} Bd7 {[%emt 0:09:30]} 11. O-O {[%emt 0:00:30]} Bc6 {[%emt 0:00:30]} 12. f3 {[%emt 0:00:30]} Nd7 {[%emt 0:01:30]} 13. b4 {[%emt 0:03:30]} b6 {[%emt 0:01:30]} 14. Rab1 {[%emt 0:06:30]} Rc8 {[%emt 0:04:30]} 15. Rfc1 {[%emt 0:03:30]} h5 {[%emt 0:17:30]} 16. Nd5 {[%emt 0:02:30]} e6 {[%emt 0:04:30]} 17. Nc3 {[%emt 0:05:30]} Qe7 {[%emt 0:00:30]} 18. Nb5 {[%emt 0:09:30]} Bxb5 {[%emt 0:01:30]} 19. cxb5 {[%emt 0:00:30]} d5 {[%emt 0:02:30]} 20. exd5 {[%emt 0:01:30]} exd5 {[%emt 0:03:30]} 21. Bf1 {[%emt 0:00:30]} Qd6 {[%emt 0:23:30]} 22. Rd1 {[%emt 0:00:30]} Nf6 {[%emt 0:00:30]} 23. Bd4 {[%emt 0:03:30]} Rfd8 {[%emt 0:00:30]} 24. a4 {[%emt 0:00:30]} Ne8 {[%emt 0:01:30]} 25. a5 {[%emt 0:01:30]} Bxd4+ {[%emt 0:01:30]} 26. Qxd4 {[%emt 0:00:00]} Ng7 {[%emt 0:00:30]} 27. Re1 {[%emt 0:14:00]} Nf5 {[%emt 0:03:30]} 28. Qe5 {[%emt 0:03:30]} d4 {[%emt 0:02:30]} 29. Bd3 {[%emt 0:02:30]} Ne3 {[%emt 0:02:13]} 30. Qxd6 {[%emt 0:00:30]} Rxd6 {[%emt 0:00:05]} 31. Rbc1 {[%emt 0:00:30]} Rxc1 {[%emt 0:11:50]} 32. Rxc1 {[%emt 0:00:00]} Nd5 {[%emt 0:00:07]} 33. Rc4 {[%emt 0:22:00]} Nf4 {[%emt 0:00:27]} 34. Bc2 {[%emt 0:00:00]} Ne2+ {[%emt 0:01:03]} 35. Kf2 {[%emt 0:01:00]} Nc3 {[%emt 0:00:20]} 36. Bd3 {[%emt 0:00:00]} Rd7 {[%emt 0:02:42]} 37. Ke1 {[%emt 0:10:06]} Kf8 {[%emt 0:01:21]} 38. Kd2 {[%emt 0:01:20]} Ke7 {[%emt 0:00:44]} 39. Rc6 {[%emt 0:00:30]} Nd5 {[%emt 0:01:46]} 40. Be4 {[%emt 0:03:10]} Nxb4 {[%emt 0:02:22]} 41. axb6 {[%emt 0:00:01]} axb6 {[%emt 0:01:14]} 42. Rxb6 {[%emt 0:00:01]} Nd5 {[%emt 0:00:04]} 43. Bxd5 {[%emt 0:00:32]} Rxd5 {[%emt 0:00:30]} 44. Kd3 {[%emt 0:00:00]} Rd7 {[%emt 0:00:03]} 45. Rc6 {[%emt 0:01:20]} Rb7 {[%emt 0:00:15]} 46. Rc5 {[%emt 0:00:00]} Rd7 {[%emt 0:01:07]} 47. b6 {[%emt 0:00:27]} Rb7 {[%emt 0:00:38]} 48. Rc7+ {[%emt 0:01:59]} Rxc7 {[%emt 0:00:33]} 49. bxc7 {[%emt 0:00:30]} Kd7 {[%emt 0:00:30]} 50. Kxd4 {[%emt 0:00:30]} Kxc7 {[%emt 0:00:30]} 51. Ke5 {[%emt 0:00:30]} Kd7 {[%emt 0:00:30]} 52. Kf6 {[%emt 0:00:00]} Ke8 {[%emt 0:00:00]} 53. h4 {[%emt 0:00:30]} Kf8 {[%emt 0:00:00]} 54. f4 {[%emt 0:00:30]} Kg8 {[%emt 0:00:00]} 55. f5 {[%emt 0:00:09]} Kh7 {[%emt 0:00:00]} 56. Kxf7 {[%emt 0:00:11]} Kh6 {[%emt 0:00:35]} 1-0

[Event "Istanbul Open 2019"]
[Site "Istanbul"]
[Date "2019.08.31"]
[Round "7.8"]
[White "Ozer, Omer Faruk"]
[Black "Tarhan, Adar"]
[Result "1/2-1/2"]
[WhiteElo "2357"]
[BlackElo "1949"]
[Annotator "TA"]
[PlyCount "57"]
[EventDate "2019.08.26"]
[EventType "swiss"]
[EventCountry "TUR"]
[SourceTitle "playchess.com"]
[Source "ChessBase"]
[SourceQuality "1"]

{[%evp 17,57,4,15,0,0,-56,-54,-50,-7,-70,0,-1,0,0,0,0,0,-14,-2,0,0,-4,1,0,0,0,0,0,5,4,14,-5,-4,-39,-7,-11,-12,-7,-19,-16,-16,-27]} 1. d4 d5 2. Nc3 Nf6 3. Bg5 e6 4. e4 dxe4 5. Nxe4 Be7 6. Bxf6 Bxf6 7. Nf3 Nd7 8. c3 O-O 9. Bd3 e5 10. Qc2 {C13: French: Classical System: 4 Bg5 Be7, Alekhine-Chatard Attack} (10. Nxf6+ Qxf6 11. O-O exd4 12. Nxd4 Ne5 13. Be4 h6 14. Qe2 Rb8 15. f4 Nc6 16. Rad1 {½-½ (16) Kurnosov,I (2617)-Riazantsev,A (2617) Satka 2008}) 10... exd4 11. O-O-O (11. cxd4 $11 c6 12. O-O) 11... dxc3 $15 12. Nxc3 {Black is slightly better.} Bxc3 $146 ({Predecessor:} 12... h6 13. Bf5 Be7 14. g4 Bd6 15. g5 Ne5 16. gxh6 Nxf3 17. Bh7+ Kh8 18. hxg7+ Kxg7 {0-1 (63) Seibold,M-Batik,F corr 1932}) 13. Qxc3 (13. Bxh7+ $11 Kh8 14. bxc3) 13... Qf6 ({Black should try} 13... c6 $15) 14. Qxc7 $11 Nb6 15. Qe5 Qxe5 16. Nxe5 Be6 17. Kb1 f6 18. Nf3 Rfd8 19. Bc2 Rac8 20. Nd4 Bf7 21. Rhe1 Rc5 22. Nb3 Rxd1+ 23. Rxd1 Rd5 24. Re1 Kf8 25. f4 ({Avoid the trap} 25. Bxh7 $2 g6 $19) 25... f5 26. Nc1 {The position is equal.} Rd2 27. Re2 Rxe2 28. Nxe2 g6 29. b3 {Accuracy: White = 40%, Black = 53%.} 1/2-1/2

[Event "Istanbul Open 2019"]
[Site "Istanbul"]
[Date "2019.08.31"]
[Round "7.9"]
[White "Senyuz, Mustafa Zorbey"]
[Black "Eren, Ataberk"]
[Result "0-1"]
[WhiteElo "1844"]
[BlackElo "2254"]
[Annotator "ChessBase"]
[PlyCount "80"]
[EventDate "2019.08.26"]
[EventType "swiss"]
[EventCountry "TUR"]
[SourceTitle "playchess.com"]
[Source "ChessBase"]
[SourceQuality "1"]
[TimeControl "5400+30"]

1. d4 {[%emt 0:00:30]} Nf6 {[%emt 0:08:30]} 2. c4 {[%emt 0:00:30]} e6 {[%emt 0:00:30]} 3. Nf3 {[%emt 0:00:30]} c5 {[%emt 0:00:30]} 4. Nc3 {[%emt 0:00:30]} a6 {[%emt 0:00:30]} 5. e4 {[%emt 0:00:30]} d5 {[%emt 0:00:30]} 6. e5 {[%emt 0:02:30]} Ne4 {[%emt 0:00:00]} 7. Bd3 {[%emt 0:01:30]} Nxc3 {[%emt 0:01:00]} 8. bxc3 {[%emt 0:00:30]} dxc4 {[%emt 0:00:30]} 9. Bxc4 {[%emt 0:00:00]} Be7 {[%emt 0:00:00]} 10. O-O {[%emt 0:01:00]} O-O {[%emt 0:00:00]} 11. a4 {[%emt 0:00:00]} Nc6 {[%emt 0:00:30]} 12. Be3 {[%emt 0:02:00]} cxd4 {[%emt 0:08:30]} 13. cxd4 {[%emt 0:00:30]} Nb4 {[%emt 0:00:30]} 14. Qb3 {[%emt 0:04:30]} Bd7 {[%emt 0:02:30]} 15. Bd2 {[%emt 0:02:30]} a5 {[%emt 0:00:30]} 16. Bxb4 {[%emt 0:01:30]} Bxb4 {[%emt 0:02:30]} 17. Rfd1 {[%emt 0:02:30]} Qe7 {[%emt 0:03:30]} 18. h3 {[%emt 0:01:30]} Rac8 {[%emt 0:00:30]} 19. Rd3 {[%emt 0:07:30]} h6 {[%emt 0:08:30]} 20. Ne1 {[%emt 0:12:30]} Rc7 {[%emt 0:02:30]} 21. Nc2 {[%emt 0:00:30]} Rfc8 {[%emt 0:00:30]} 22. Ne3 {[%emt 0:00:30]} Bc6 {[%emt 0:00:30]} 23. f4 {[%emt 0:05:30]} Be4 {[%emt 0:00:30]} 24. Rdd1 {[%emt 0:00:30]} Qh4 {[%emt 0:01:30]} 25. f5 {[%emt 0:05:30]} Qg3 {[%emt 0:00:30]} 26. Rac1 {[%emt 0:02:30]} Rxc4 {[%emt 0:00:30]} 27. Rxc4 {[%emt 0:00:30]} Rxc4 {[%emt 0:00:30]} 28. Qxc4 {[%emt 0:00:30]} Qxe3+ {[%emt 0:00:00]} 29. Kf1 {[%emt 0:01:30]} Be1 {[%emt 0:12:00]} 30. Qe2 {[%emt 0:02:30]} Qxe2+ {[%emt 0:00:30]} 31. Kxe2 {[%emt 0:00:30]} Bb4 {[%emt 0:00:30]} 32. fxe6 {[%emt 0:00:30]} fxe6 {[%emt 0:00:00]} 33. g3 {[%emt 0:00:30]} Bc6 {[%emt 0:00:00]} 34. Rc1 {[%emt 0:00:30]} Bxa4 {[%emt 0:00:30]} 35. Rc8+ {[%emt 0:00:30]} Kh7 {[%emt 0:00:30]} 36. d5 {[%emt 0:00:00]} exd5 {[%emt 0:00:00]} 37. e6 {[%emt 0:00:00]} Kg6 {[%emt 0:00:00]} 38. Rc7 {[%emt 0:00:30]} Bc6 {[%emt 0:00:30]} 39. Kd3 {[%emt 0:00:30]} Kf6 {[%emt 0:00:30]} 40. g4 {[%emt 0:00:30]} Be7 {[%emt 0:00:30]} 0-1